Statistics for Former Countries by Coat of Arms

Click here to take the quiz!

General Stats

  • This quiz has been taken 2,267 times
    (1,589 since last reset)
  • The average score is 9 of 16

Answer Stats

Answer% Correct
Soviet Union
99%
East Germany
91%
Ottoman Empire
77%
Prussia
76%
Austria-Hungary
73%
Yugoslavia
67%
Czechoslovakia
58%
Tibet
56%
South Vietnam
53%
Rhodesia
44%
Orange Free State
41%
Scotland
41%
Ethiopian Empire
39%
Republic of Venice
34%
Korean Empire
31%
Free City of Danzig
24%

Score Distribution

Percentile by Number Answered

Percent of People with Each Score

Your Score History

You have not taken this quiz since the last reset